000 00264nam a22001097a 4500
008 230620b xxu||||| |||| 00| 0 eng d
082 _a321.6
_bPAD 1963
245 _aAfrica and World Order
260 _bFredrick A. Praeger
_c1963
300 _a152p
942 _2ddc
_cBK
999 _c1815
_d1815